[Event "EU-ch U16 Girls 25th"]
[Site "Porec"]
[Date "2015.09.30"]
[Round "9"]
[White "Vasenina, Anna"]
[Black "Lahav, Michal"]
[Result "1-0"]
[WhiteElo "2061"]
[BlackElo "2015"]
[PlyCount "165"]
[EventDate "2015.09.21"]
[EventType "swiss"]
[EventRounds "9"]
[EventCountry "CRO"]
[SourceTitle "EXT 2016"]
[Source "ChessBase"]
[SourceDate "2015.10.08"]
[SourceVersion "1"]
[SourceVersionDate "2015.10.08"]
[SourceQuality "1"]

1. d4 Nf6 2. c4 c5 3. d5 b5 4. cxb5 a6 5. e3 g6 6. Nc3 Bg7 7. Nf3 0-0 8. a4 d6 9. e4 Bg4 10. Bd2 Nfd7 11. h3 Bxf3 12. Qxf3 axb5 13. Bxb5 Na6 14. 0-0 Nb4 15. Rfc1 Bd4 16. Be3 Bg7 17. Qe2 f5 18. exf5 Rxf5 19. Rd1 Kh8 20. g4 Rf8 21. Na2 Nxa2 22. Rxa2 Rb8 23. b3 Nf6 24. Qd3 Rf7 25. f4 Qf8 26. Rf2 Ne8 27. Kg2 Nc7 28. Bc4 Qc8 29. Rdf1 Qb7 30. Kg1 Qb4 31. Bd2 Qb7 32. Bc3 Kg8 33. Bxg7 Kxg7 34. h4 Rbf8 35. Kh2 Qb4 36. Kg3 Ne8 37. Rf3 Qa3 38. Qc3+ Kg8 39. Ra1 Qb4 40. Qxb4 cxb4 41. Re1 Nc7 42. Re4 Rb8 43. Rfe3 Kf8 44. Rd4 Ke8 45. Re1 Kd7 46. Bd3 Rff8 47. f5 Rg8 48. g5 Rbf8 49. fxg6 hxg6 50. Rxb4 Nxd5 51. Rb7+ Kc6 52. Ba6 Nf4 53. Rc1+ Kd5 54. Rxe7 Nh5+ 55. Kg2 Nf4+ 56. Kh2 Rh8 57. Bb7+ Kd4 58. Rc4+ Kd3 59. Kg3 Ne2+ 60. Kg4 Rf2 61. Be4+ Kd2 62. Bxg6 Kd1 63. Rd7 Rhf8 64. Rxd6+ Ke1 65. Re6 Rg2+ 66. Kh5 Rh8+ 67. Bh7 Rxh7+ 68. Kg6 Rd7 69. Rce4 Ra7 70. h5 Kd2 71. Rxe2+ Rxe2 72. Rxe2+ Kxe2 73. h6 Kf3 74. h7 Ra8 75. Kf5 Rf8+ 76. Ke6 Re8+ 77. Kf7 Ra8 78. g6 Ra7+ 79. Ke6 Ra6+ 80. Kd5 Ra5+ 81. Kc4 Ra8 82. g7 Rc8+ 83. Kd5 1-0

[Event "EU-ch U16 Girls 25th"]
[Site "Porec"]
[Date "2015.09.22"]
[Round "2"]
[White "Kerciku, Suzana"]
[Black "Vasenina, Anna"]
[Result "0-1"]
[WhiteElo "1530"]
[BlackElo "2061"]
[PlyCount "94"]
[EventDate "2015.09.21"]
[EventType "swiss"]
[EventRounds "9"]
[EventCountry "CRO"]
[SourceTitle "EXT 2016"]
[Source "ChessBase"]
[SourceDate "2015.10.08"]
[SourceVersion "1"]
[SourceVersionDate "2015.10.08"]
[SourceQuality "1"]

1. e4 c5 2. Nf3 d6 3. d4 cxd4 4. Nxd4 Nf6 5. Nc3 a6 6. Be2 e5 7. Nb3 Be7 8. 0-0 Be6 9. f4 Qc7 10. f5 Bc4 11. Bg5 Nbd7 12. Kh1 b5 13. a3 0-0 14. Qd2 Rfd8 15. Rad1 h6 16. Bxf6 Nxf6 17. Nd5 Nxd5 18. exd5 Bg5 19. Qc3 Rdc8 20. Bxc4 Qxc4 21. Qxc4 bxc4 22. Na5 Rc5 23. Nb7 Rb5 24. Nxd6 Rxb2 25. Nxc4 Rxc2 26. Nxe5 Rd8 27. Nc6 Rd6 28. Rfe1 Rc5 29. Re8+ Kh7 30. Ne7 Bxe7 31. Rxe7 Rdxd5 32. Rf1 Rxf5 33. Kg1 Rxf1+ 34. Kxf1 Kg6 35. Rb7 a5 36. Ra7 f5 37. Kf2 Kf6 38. h4 h5 39. Ra6+ Ke5 40. Rg6 Rc2+ 41. Kf1 Rc3 42. Rxg7 Rxa3 43. Rg5 Ra1+ 44. Ke2 a4 45. Kd2 Rh1 46. g3 a3 47. Rg8 a2 0-1

[Event "EU-ch U16 Girls 24th"]
[Site "Batumi"]
[Date "2014.10.27"]
[Round "8"]
[White "Kanakova, Natalie"]
[Black "Vasenina, Anna"]
[Result "1-0"]
[WhiteElo "1945"]
[BlackElo "2147"]
[PlyCount "51"]
[EventDate "2014.10.19"]
[EventType "swiss"]
[EventRounds "9"]
[EventCountry "GEO"]
[SourceTitle "EXT 2015"]
[Source "ChessBase"]
[SourceDate "2014.11.20"]
[SourceVersion "1"]
[SourceVersionDate "2014.11.20"]
[SourceQuality "1"]

1. e4 c5 2. Nf3 d6 3. d4 cxd4 4. Nxd4 Nf6 5. Nc3 a6 6. Be2 e5 7. Nb3 Be7 8. 0-0 Be6 9. Kh1 0-0 10. f4 Qc7 11. f5 Bc4 12. g4 d5 13. g5 Nxe4 14. Nxe4 dxe4 15. f6 Bd8 16. fxg7 Kxg7 17. Be3 Bxb3 18. axb3 Nc6 19. Bc4 Ne7 20. Qh5 Ng6 21. Qh6+ Kg8 22. Rf6 b5 23. Rxg6+ hxg6 24. Qxg6+ Kh8 25. Qh6+ Kg8 26. g6 1-0

[Event "EU-ch U16 Girls 24th"]
[Site "Batumi"]
[Date "2014.10.23"]
[Round "5"]
[White "Vasenina, Anna"]
[Black "Vidic, Teja"]
[Result "1/2-1/2"]
[WhiteElo "2147"]
[BlackElo "1985"]
[PlyCount "83"]
[EventDate "2014.10.19"]
[EventType "swiss"]
[EventRounds "9"]
[EventCountry "GEO"]
[SourceTitle "EXT 2015"]
[Source "ChessBase"]
[SourceDate "2014.11.20"]
[SourceVersion "1"]
[SourceVersionDate "2014.11.20"]
[SourceQuality "1"]

1. d4 d5 2. c4 c6 3. Nf3 Nf6 4. e3 g6 5. Bd3 Bg7 6. Nbd2 0-0 7. b3 c5 8. Bb2 cxd4 9. exd4 Nc6 10. 0-0 b6 11. Re1 Bb7 12. a3 Rc8 13. Qe2 Qd6 14. h3 Rfd8 15. Rad1 e6 16. Qe3 Rc7 17. Bf1 Ne4 18. Nxe4 dxe4 19. d5 exd5 20. Rxd5 Qe7 21. Bxg7 Kxg7 22. Ng5 Re8 23. Nxe4 Ne5 24. Rd4 Rc6 25. Qc3 f5 26. Red1 Kg8 27. Nd6 Rb8 28. Nxb7 Rxb7 29. Rd8+ Kf7 30. c5 Rxc5 31. Bc4+ Nxc4 32. bxc4 Re5 33. f4 Re2 34. Rh8 Ke6 35. Qd3 Qc5+ 36. Kh1 Re4 37. Qd8 Re7 38. Qg8+ Kf6 39. Qf8+ Ke6 40. Qg8+ Kf6 41. Qf8+ Ke6 42. Qg8+ 1/2-1/2

[Event "EU-ch U16 Girls 24th"]
[Site "Batumi"]
[Date "2014.10.22"]
[Round "4"]
[White "Shivacheva, Donika"]
[Black "Vasenina, Anna"]
[Result "0-1"]
[WhiteElo "1891"]
[BlackElo "2147"]
[PlyCount "76"]
[EventDate "2014.10.19"]
[EventType "swiss"]
[EventRounds "9"]
[EventCountry "GEO"]
[SourceTitle "EXT 2015"]
[Source "ChessBase"]
[SourceDate "2014.11.20"]
[SourceVersion "1"]
[SourceVersionDate "2014.11.20"]
[SourceQuality "1"]

1. e4 c5 2. Nc3 d6 3. f4 g6 4. Nf3 Bg7 5. Bb5+ Bd7 6. Bc4 Nc6 7. 0-0 e6 8. a3 Nge7 9. d3 0-0 10. Qe1 Nd4 11. Nxd4 cxd4 12. Ne2 d5 13. f5 exf5 14. exd5 b5 15. Bb3 Re8 16. Qf2 Qb6 17. Bf4 Rac8 18. Rae1 Qc5 19. Qf3 a5 20. Rf2 a4 21. Ba2 b4 22. Ng3 bxa3 23. b4 axb3 24. Bxb3 Ra8 25. Rfe2 a2 26. Bxa2 Rxa2 27. d6 Rxc2 28. Rxe7 Rxe7 29. dxe7 Be8 30. Qa8 Qc6 31. Qxc6 Rxc6 32. Rb1 Re6 33. Bd6 Rxd6 34. Rb8 f6 35. Rxe8+ Kf7 36. Rg8 Re6 37. e8Q+ Rxe8 38. Rxe8 Kxe8 0-1

[Event "EU-ch U16 Girls 24th"]
[Site "Batumi"]
[Date "2014.10.21"]
[Round "3"]
[White "Vasenina, Anna"]
[Black "Gitu, Paula Alexandra"]
[Result "1-0"]
[WhiteElo "2147"]
[BlackElo "1833"]
[PlyCount "48"]
[EventDate "2014.10.19"]
[EventType "swiss"]
[EventRounds "9"]
[EventCountry "GEO"]
[SourceTitle "EXT 2015"]
[Source "ChessBase"]
[SourceDate "2014.11.20"]
[SourceVersion "1"]
[SourceVersionDate "2014.11.20"]
[SourceQuality "1"]

1. d4 d6 2. Nf3 Nf6 3. c4 Nbd7 4. Nc3 e5 5. e4 Be7 6. Be2 0-0 7. 0-0 c6 8. Re1 Re8 9. Bg5 Qc7 10. h3 Nf8 11. d5 Ng6 12. Be3 c5 13. Qc2 Rf8 14. Rab1 Bd7 15. a3 Qc8 16. b4 b6 17. bxc5 bxc5 18. Kh2 Ne8 19. Bd3 f5 20. exf5 Bxf5 21. Bxf5 Rxf5 22. Ne4 Nf6 23. Ng3 e4 24. Nxf5 Qxf5 1-0

[Event "Moscow Dvorkovich Cup U16 9th"]
[Site "Moscow"]
[Date "2014.07.01"]
[Round "4.4"]
[White "Vasenina, Anna"]
[Black "Hojjatova, Aydan Hikmat Qizi"]
[Result "1/2-1/2"]
[WhiteElo "2100"]
[BlackElo "2018"]
[PlyCount "91"]
[EventDate "2014.06.28"]
[EventType "team-tourn"]
[EventRounds "7"]
[EventCountry "RUS"]
[SourceTitle "CBM 161 Extra"]
[Source "ChessBase"]
[SourceDate "2014.08.29"]
[SourceVersion "1"]
[SourceVersionDate "2014.08.29"]
[SourceQuality "1"]
[WhiteTeam "Russia U16"]
[BlackTeam "Azerbaijan U16"]
[WhiteTeamCountry "RUS"]
[BlackTeamCountry "AZE"]

1. d4 Nf6 2. c4 g6 3. Nc3 Bg7 4. e4 d6 5. Nf3 0-0 6. Be2 e5 7. 0-0 exd4 8. Nxd4 Re8 9. f3 Nc6 10. Nc2 Nh5 11. Be3 f5 12. Qd5+ Be6 13. Qd2 Qd7 14. Rae1 Qf7 15. b3 f4 16. Bf2 Be5 17. Nd5 Nd8 18. Rd1 c6 19. Ndb4 Qg7 20. Nd3 Bc3 21. Qc1 g5 22. g4 fxg3 23. hxg3 Bh3 24. Ne3 Ne6 25. Ng2 Bd4 26. Kh2 Bxg2 27. Kxg2 Nhf4+ 28. Nxf4 Nxf4+ 29. gxf4 gxf4+ 30. Kh3 Bxf2 31. Qxf4 Re5 32. Qg4 Rh5+ 33. Kg2 Rg5 34. Rxf2 Rxg4+ 35. fxg4 Qe5 36. Bf3 Rf8 37. Rh1 Qc3 38. Rh5 a5 39. e5 Qd4 40. e6 Re8 41. Rxa5 Rxe6 42. Ra8+ Kg7 43. Ra5 Re1 44. Rg5+ Kf6 45. Rg8 Ke7 46. a3 1/2-1/2

[Event "Moscow Dvorkovich Cup U16 9th"]
[Site "Moscow"]
[Date "2014.06.30"]
[Round "3.16"]
[White "Vasenina, Anna"]
[Black "Parnali, S Dharia"]
[Result "1-0"]
[WhiteElo "2100"]
[BlackElo "1942"]
[PlyCount "59"]
[EventDate "2014.06.28"]
[EventType "team-tourn"]
[EventRounds "7"]
[EventCountry "RUS"]
[SourceTitle "CBM 161 Extra"]
[Source "ChessBase"]
[SourceDate "2014.08.29"]
[SourceVersion "1"]
[SourceVersionDate "2014.08.29"]
[SourceQuality "1"]
[WhiteTeam "Russia U16"]
[BlackTeam "India U16"]
[WhiteTeamCountry "RUS"]
[BlackTeamCountry "IND"]

1. d4 d5 2. c4 e6 3. Nf3 c5 4. cxd5 exd5 5. Nc3 Nc6 6. g3 Nf6 7. Bg2 Be7 8. 0-0 0-0 9. dxc5 Bxc5 10. a3 a6 11. b4 Ba7 12. Bg5 Be6 13. Bxf6 Qxf6 14. Nxd5 Qh6 15. Nf4 Rfd8 16. Qc2 Rac8 17. Qe4 Bb3 18. e3 g5 19. Ne2 Be6 20. h4 f5 21. Qb1 g4 22. Ng5 Bb8 23. Bxc6 Rxc6 24. Nd4 Rxd4 25. exd4 Rc3 26. Qe1 Rc6 27. d5 Bxd5 28. Rd1 Qd6 29. Qe8+ Kg7 30. Rfe1 1-0

[Event "Wch U14 Girls"]
[Site "Al Ain"]
[Date "2013.12.28"]
[Round "11"]
[White "Vasenina, Anna"]
[Black "Abdusattorova, Bakhora"]
[Result "0-1"]
[WhiteElo "2053"]
[BlackElo "1933"]
[PlyCount "134"]
[EventDate "2013.12.18"]
[EventType "swiss"]
[EventRounds "11"]
[EventCountry "UAE"]
[SourceTitle "CBM 158 Extra"]
[Source "ChessBase"]
[SourceDate "2014.02.28"]
[SourceVersion "1"]
[SourceVersionDate "2014.02.28"]
[SourceQuality "1"]

1. d4 d5 2. Nf3 Nf6 3. c4 c6 4. e3 a6 5. Bd3 Bg4 6. Nbd2 e6 7. b3 Bf5 8. Be2 h6 9. Bb2 Be7 10. 0-0 0-0 11. Ne5 Nbd7 12. f4 Ne4 13. Nxe4 Bxe4 14. Bd3 Nf6 15. Bxe4 Nxe4 16. Qg4 Bd6 17. f5 Bxe5 18. dxe5 Qg5 19. Qh3 exf5 20. Rxf5 Qg6 21. Raf1 dxc4 22. bxc4 Ng5 23. Qg4 Ne6 24. Qf3 c5 25. h4 Nd8 26. h5 Qc6 27. e4 Qe6 28. g4 Qe7 29. Rf2 Ne6 30. Rd2 Rad8 31. Rd5 Qh4 32. Bc3 b5 33. Ba5 Nd4 34. Qg2 Rxd5 35. cxd5 Nxf5 36. exf5 b4 37. Bc7 c4 38. d6 c3 39. d7 Qe1+ 40. Kh2 Qd2 41. e6 fxe6 42. fxe6 Rf2 43. d8Q+ Qxd8 44. Qxf2 Qxc7+ 45. Kh3 a5 46. Qf3 Qe7 47. Qa8+ Qf8 48. Qe4 Qf1+ 49. Kh2 Kf8 50. Qa8+ Ke7 51. Qxa5 Qf4+ 52. Kh3 Kxe6 53. Qb6+ Qd6 54. Qe3+ Kd5 55. Qf3+ Kc4 56. Qf7+ Kd3 57. Qf5+ Kd2 58. Qf2+ Kc1 59. Qf1+ Kb2 60. Qc4 Kc1 61. Qf1+ Qd1 62. Qf4+ Qd2 63. Qxb4 c2 64. Qb3 Kd1 65. Qf3+ Qe2 66. Qd5+ Ke1 67. Qa5+ Kf2 0-1

[Event "Wch U14 Girls"]
[Site "Al Ain"]
[Date "2013.12.26"]
[Round "9"]
[White "Vasenina, Anna"]
[Black "Narva, Mai"]
[Result "1/2-1/2"]
[WhiteElo "2053"]
[BlackElo "1875"]
[PlyCount "91"]
[EventDate "2013.12.18"]
[EventType "swiss"]
[EventRounds "11"]
[EventCountry "UAE"]
[SourceTitle "CBM 158 Extra"]
[Source "ChessBase"]
[SourceDate "2014.02.28"]
[SourceVersion "1"]
[SourceVersionDate "2014.02.28"]
[SourceQuality "1"]

1. d4 d5 2. c4 Nc6 3. Nf3 Bg4 4. e3 e6 5. Be2 Bb4+ 6. Bd2 Bxd2+ 7. Nbxd2 Nf6 8. h3 Bh5 9. 0-0 0-0 10. a3 a6 11. b4 Re8 12. Rc1 h6 13. cxd5 Nxd5 14. Nc4 Qe7 15. Qd2 Rad8 16. Rfd1 Nf6 17. Qb2 Bg6 18. b5 axb5 19. Qxb5 Be4 20. Nfe5 Nxe5 21. dxe5 Nd7 22. f3 Bc6 23. Qb4 Qg5 24. Qc3 Bd5 25. Rd2 b5 26. Rxd5 exd5 27. f4 Qg3 28. Na5 Rb8 29. Bf3 Nb6 30. Nc6 Ra8 31. Qc5 Nc4 32. Ne7+ Rxe7 33. Qxe7 c6 34. e6 Qg6 35. Qb7 Rf8 36. e7 Re8 37. Qd7 f5 38. a4 bxa4 39. Rxc4 dxc4 40. Bxc6 Rxe7 41. Bd5+ Kf8 42. Qc8+ Qe8 43. Qxf5+ Rf7 44. Bxf7 Qxf7 45. Qc8+ Qe8 46. Qc5+ 1/2-1/2

[Event "Wch U14 Girls"]
[Site "Al Ain"]
[Date "2013.12.21"]
[Round "5"]
[White "Bykovtsev, Agata"]
[Black "Vasenina, Anna"]
[Result "0-1"]
[WhiteElo "1970"]
[BlackElo "2053"]
[PlyCount "85"]
[EventDate "2013.12.18"]
[EventType "swiss"]
[EventRounds "11"]
[EventCountry "UAE"]
[SourceTitle "CBM 158 Extra"]
[Source "ChessBase"]
[SourceDate "2014.02.28"]
[SourceVersion "1"]
[SourceVersionDate "2014.02.28"]
[SourceQuality "1"]

1. e4 c5 2. Nf3 d6 3. Nc3 Nf6 4. d4 cxd4 5. Nxd4 a6 6. Bc4 e6 7. 0-0 Be7 8. Bb3 0-0 9. f4 b5 10. e5 dxe5 11. fxe5 Bc5 12. Be3 Nfd7 13. Qh5 Qb6 14. Rf4 Nc6 15. Rh4 h6 16. Nce2 Ndxe5 17. Kh1 Ng6 18. Rg4 Nce5 19. Rg3 Nc4 20. Bxc4 bxc4 21. Nxe6 Bxe6 22. Bxc5 Qxb2 23. Rf1 Rfd8 24. Qf3 Rac8 25. Be3 Rd5 26. Nf4 Rf5 27. Qe2 Nxf4 28. Bxf4 Qf6 29. Qe3 Rd8 30. h3 Rd4 31. Bxh6 Rxf1+ 32. Kh2 g6 33. Bg5 Qg7 34. Bh6 Qf6 35. Bg5 Qh8 36. Qe2 Rdd1 37. Rf3 Rxf3 38. Qxf3 Qe5+ 39. Bf4 Qd5 40. Qe3 Qd4 41. Qf3 Bd5 42. Qg4 Qg1+ 43. Kg3 0-1

[Event "EU-ch U14 Girls 23rd"]
[Site "Budva"]
[Date "2013.10.06"]
[Round "7"]
[White "Parhomenko, Margarita"]
[Black "Vasenina, Anna"]
[Result "0-1"]
[WhiteElo "1745"]
[BlackElo "2045"]
[PlyCount "80"]
[EventDate "2013.09.29"]
[EventType "swiss"]
[EventRounds "9"]
[EventCountry "MNE"]
[SourceTitle "EXT 2014"]
[Source "ChessBase"]
[SourceDate "2013.11.20"]
[SourceVersion "1"]
[SourceVersionDate "2013.11.20"]
[SourceQuality "1"]

1. f4 d5 2. b3 Bg4 3. Bb2 e6 4. g3 h5 5. h3 Bf5 6. d3 Nf6 7. Nd2 Bc5 8. d4 Bd6 9. Bg2 h4 10. g4 Bxg4 11. hxg4 Nxg4 12. Nf1 Bxf4 13. e4 Ne3 14. Nxe3 Bxe3 15. Qe2 Qg5 16. Nf3 Qg3+ 17. Kd1 dxe4 18. Ne5 h3 19. Qb5+ c6 20. Qxb7 0-0 21. Bxh3 Nd7 22. Qxd7 Rad8 23. Qc7 Qf2 24. Qa5 Bxd4 25. Kc1 Rd5 26. Qe1 Qf4+ 27. Kb1 Qxe5 28. Bxd4 Rxd4 29. Qh4 f5 30. Bg2 Rfd8 31. Qh5 Rd2 32. a3 Qc3 33. Ra2 Qf6 34. Rg1 Qd4 35. Qh1 c5 36. Rc1 Qf2 37. Bf1 Rd1 38. Qh3 Qe1 39. Rxd1 Rxd1+ 40. Kb2 Rb1# 0-1

[Event "EU-ch U14 Girls 23rd"]
[Site "Budva"]
[Date "2013.10.03"]
[Round "5"]
[White "Ponomarchuk, Anastasia"]
[Black "Vasenina, Anna"]
[Result "1-0"]
[WhiteElo "1815"]
[BlackElo "2045"]
[PlyCount "75"]
[EventDate "2013.09.29"]
[EventType "swiss"]
[EventRounds "9"]
[EventCountry "MNE"]
[SourceTitle "EXT 2014"]
[Source "ChessBase"]
[SourceDate "2013.11.20"]
[SourceVersion "1"]
[SourceVersionDate "2013.11.20"]
[SourceQuality "1"]

1. e4 c5 2. Nf3 d6 3. d4 cxd4 4. Nxd4 Nf6 5. Nc3 a6 6. Bg5 Nbd7 7. f4 Qc7 8. Qf3 b5 9. 0-0-0 Bb7 10. Bd3 g6 11. Rhe1 Bg7 12. Bxf6 Bxf6 13. Qe3 0-0 14. g4 b4 15. Nce2 Nc5 16. g5 Bg7 17. h4 Qb6 18. Kb1 Na4 19. Qg1 a5 20. f5 Be5 21. h5 Nc3+ 22. bxc3 bxc3+ 23. Nb5 Qc6 24. Ka1 Ba6 25. Nbd4 Qc5 26. Bxa6 Rxa6 27. Rb1 Raa8 28. hxg6 Rfb8 29. gxh7+ Kh8 30. g6 Rb2 31. Rxb2 cxb2+ 32. Kxb2 Rb8+ 33. Ka1 Rb4 34. c3 Ra4 35. Rb1 Qc7 36. gxf7 Rxa2+ 37. Kxa2 Qc4+ 38. Nb3 1-0

[Event "EU-ch U14 Girls 23rd"]
[Site "Budva"]
[Date "2013.10.02"]
[Round "4"]
[White "Vasenina, Anna"]
[Black "Choladze, Tea"]
[Result "0-1"]
[WhiteElo "2045"]
[BlackElo "1631"]
[PlyCount "76"]
[EventDate "2013.09.29"]
[EventType "swiss"]
[EventRounds "9"]
[EventCountry "MNE"]
[SourceTitle "EXT 2014"]
[Source "ChessBase"]
[SourceDate "2013.11.20"]
[SourceVersion "1"]
[SourceVersionDate "2013.11.20"]
[SourceQuality "1"]

1. d4 d5 2. Nf3 Nf6 3. c4 c6 4. e3 Bf5 5. Nc3 e6 6. Nh4 Bg6 7. Nxg6 hxg6 8. Bd3 Be7 9. 0-0 Qc7 10. h3 Nbd7 11. Bd2 Nb6 12. cxd5 exd5 13. b4 g5 14. f4 gxf4 15. exf4 0-0-0 16. Qb3 Nh5 17. Rac1 Kb8 18. a4 Ng3 19. Rfe1 Bf6 20. Be3 Rde8 21. Kh2 g5 22. Bf2 gxf4 23. Rxe8+ Rxe8 24. a5 Nc4 25. Bxc4 dxc4 26. Qxc4 Nf5 27. Nb5 Qd7 28. Nxa7 Ne3 29. Bxe3 fxe3 30. Nxc6+ Qxc6 31. Qxf7 Qd6+ 32. Kh1 Rf8 33. Qh7 Bxd4 34. Qe4 Qe5 35. Qxe5+ Bxe5 36. g4 Rf2 37. g5 e2 38. Kg1 Bd4 0-1

[Event "Wch U14 Girls"]
[Site "Maribor"]
[Date "2012.11.16"]
[Round "9.16"]
[White "Vasenina, Anna"]
[Black "Vasova, Mariya"]
[Result "1-0"]
[WhiteElo "2037"]
[BlackElo "1782"]
[PlyCount "93"]
[EventDate "2012.11.08"]
[EventType "swiss"]
[EventRounds "11"]
[EventCountry "SLO"]
[SourceTitle "EXT 2013"]
[Source "ChessBase"]
[SourceDate "2012.11.22"]
[SourceVersion "1"]
[SourceVersionDate "2012.11.22"]
[SourceQuality "1"]

1. d4 g6 2. Nf3 Bg7 3. c3 Nf6 4. Bg5 d6 5. Nbd2 0-0 6. e4 h6 7. Bh4 Qe8 8. Be2 e5 9. dxe5 dxe5 10. 0-0 Nbd7 11. Qc2 b6 12. b4 Bb7 13. Bc4 Nh5 14. Rfe1 Nf4 15. a4 a6 16. Bg3 g5 17. Bf1 Qe7 18. Nc4 Qe6 19. Ne3 Nf6 20. Nd2 Rad8 21. f3 Bc8 22. Ndc4 Qe7 23. Bf2 Rfe8 24. Rad1 Rxd1 25. Rxd1 Ng6 26. a5 b5 27. Nd2 c5 28. Nf5 Bxf5 29. exf5 Nf4 30. Bxc5 Qc7 31. Ne4 Nxe4 32. fxe4 Bf8 33. Bb6 Qc6 34. g3 Bxb4 35. gxf4 exf4 36. Bg2 Bxc3 37. Qd3 b4 38. e5 Qa4 39. e6 fxe6 40. fxe6 Kh8 41. Bd4+ Bxd4+ 42. Qxd4+ Kg8 43. Qd7 Qxd7 44. exd7 Rd8 45. Bb7 b3 46. Bc8 b2 47. Rb1 1-0

[Event "Wch U14 Girls"]
[Site "Maribor"]
[Date "2012.11.14"]
[Round "7.10"]
[White "Vasenina, Anna"]
[Black "Gueci, Tea"]
[Result "1/2-1/2"]
[WhiteElo "1989"]
[BlackElo "1898"]
[PlyCount "89"]
[EventDate "2012.11.08"]
[EventType "swiss"]
[EventRounds "11"]
[EventCountry "SLO"]
[SourceTitle "EXT 2013"]
[Source "ChessBase"]
[SourceDate "2012.11.22"]
[SourceVersion "1"]
[SourceVersionDate "2012.11.22"]
[SourceQuality "1"]

1. d4 Nf6 2. Nf3 c5 3. d5 e6 4. c4 exd5 5. cxd5 d6 6. Nc3 g6 7. e4 Bg7 8. Bd3 0-0 9. 0-0 a6 10. a4 Re8 11. Re1 Qc7 12. Nd2 Ng4 13. Nc4 Bd4 14. Be3 Nxe3 15. Nxe3 Nd7 16. Nc4 Ne5 17. Nxe5 Bxe5 18. Qc2 Bd7 19. g3 Rab8 20. f4 Bd4+ 21. Kg2 b5 22. axb5 axb5 23. Ne2 Bf6 24. Ng1 Kg7 25. Nf3 Bg4 26. Ra6 c4 27. Bf1 Ra8 28. Rc6 Qd7 29. Qb1 Ra5 30. Be2 Bh3+ 31. Kh1 Qa7 32. Ng1 Bd7 33. Rxd6 Be7 34. Rxd7 Qxd7 35. Bf3 Bb4 36. Rd1 Rea8 37. Kg2 Ra2 38. Ne2 c3 39. bxc3 Bxc3 40. Qd3 b4 41. e5 R8a3 42. Qc4 Ra6 43. d6 h5 44. Qd5 R6a5 45. Qc4 1/2-1/2

[Event "EU-ch U14 Girls"]
[Site "Prague"]
[Date "2012.08.20"]
[Round "4"]
[White "Vasenina, Anna"]
[Black "Bulmaga, Elena"]
[Result "1-0"]
[WhiteElo "1978"]
[BlackElo "1809"]
[PlyCount "99"]
[EventDate "2012.08.17"]
[EventType "swiss"]
[EventRounds "9"]
[EventCountry "CZE"]
[SourceTitle "CBM 150 Extra"]
[Source "ChessBase"]
[SourceDate "2012.10.19"]
[SourceVersion "1"]
[SourceVersionDate "2012.10.19"]
[SourceQuality "1"]

1. e4 c6 2. Nc3 d5 3. Nf3 Bg4 4. h3 Bxf3 5. Qxf3 e6 6. d3 Nf6 7. a3 Be7 8. g4 c5 9. exd5 Nxd5 10. Bg2 Nc6 11. Nxd5 exd5 12. Qxd5 Qxd5 13. Bxd5 Nd4 14. Kd1 0-0-0 15. Ba2 h5 16. Re1 Bh4 17. Rf1 hxg4 18. hxg4 Rhe8 19. Be3 f6 20. b4 Re5 21. c3 Nf3 22. Ke2 Nd4+ 23. Kd2 Nf3+ 24. Kc2 Bg5 25. bxc5 Bxe3 26. fxe3 Rxe3 27. d4 Rde8 28. Bc4 Nh2 29. Rf4 Rg3 30. Kb3 Nxg4 31. Bb5 Ree3 32. Rc1 Nh2 33. Rh4 Nf3 34. Rh8+ Kc7 35. Kb4 Nd2 36. d5 Re4+ 37. c4 Rb3+ 38. Ka4 Rxb5 39. Kxb5 a6+ 40. Kb4 Re3 41. Rg8 a5+ 42. Ka4 Nb3 43. d6+ Kc6 44. Rc8+ Kd7 45. Rc7+ Kd8 46. Rh1 Nd4 47. Rh8+ Re8 48. Rxe8+ Kxe8 49. Rxg7 f5 50. Rxb7 1-0

[Event "EU-ch U14 Girls"]
[Site "Prague"]
[Date "2012.08.17"]
[Round "1"]
[White "Semonaviciute, Agne"]
[Black "Vasenina, Anna"]
[Result "1-0"]
[WhiteElo "1656"]
[BlackElo "1978"]
[PlyCount "145"]
[EventDate "2012.08.17"]
[EventType "swiss"]
[EventRounds "9"]
[EventCountry "CZE"]
[SourceTitle "CBM 150 Extra"]
[Source "ChessBase"]
[SourceDate "2012.10.19"]
[SourceVersion "1"]
[SourceVersionDate "2012.10.19"]
[SourceQuality "1"]

1. e4 e5 2. Nf3 Nc6 3. Bb5 a6 4. Bxc6 dxc6 5. 0-0 Bg4 6. d3 Qf6 7. Nbd2 Ne7 8. h3 h5 9. Nc4 Bxf3 10. Qxf3 Qxf3 11. gxf3 Ng6 12. Be3 0-0-0 13. Kh2 f6 14. Rg1 Nh4 15. Rg3 Rd7 16. Kg1 g5 17. Kf1 Be7 18. Ke2 Ng6 19. a3 c5 20. Rgg1 Rhd8 21. Rgb1 Nf4+ 22. Bxf4 exf4 23. Rd1 Bf8 24. a4 b6 25. Rg1 Kb7 26. Rad1 b5 27. axb5 axb5 28. Nd2 Kb6 29. b3 Bd6 30. Ra1 Be5 31. Ra2 c6 32. Rb1 Bc3 33. Ra3 Ra7 34. Rxa7 Kxa7 35. Rc1 Kb6 36. Nb1 Be5 37. Kd2 Bd4 38. Rf1 Rg8 39. Nc3 Be5 40. Rg1 Bd4 41. Rf1 Ra8 42. Ne2 Be5 43. Rh1 Rd8 44. Rb1 Ka5 45. c3 Kb6 46. Ra1 Rg8 47. d4 Rd8 48. Kd3 cxd4 49. c4 Kc5 50. Nc1 Rb8 51. Ra5 Kb4 52. Ra6 bxc4+ 53. bxc4 Kc5 54. Ra4 Rb1 55. Kc2 Rb8 56. Nb3+ Kd6 57. c5+ Ke7 58. Nxd4 Bxd4 59. Rxd4 Rb5 60. Rc4 Ke6 61. Kd2 Rb2+ 62. Ke1 Rb1+ 63. Ke2 Rh1 64. Rd4 Rxh3 65. Rd6+ Ke7 66. Rxc6 Rh1 67. Rc7+ Kf8 68. c6 Rc1 69. Rh7 h4 70. c7 Kg8 71. Rd7 h3 72. Rd8+ Kg7 73. c8Q 1-0

[Event "World School-ch U13 Girls 8th"]
[Site "Iasi"]
[Date "2012.05.03"]
[Round "6"]
[White "Vasenina, Anna"]
[Black "Karenza, Dita"]
[Result "1/2-1/2"]
[WhiteElo "2044"]
[BlackElo "1792"]
[PlyCount "99"]
[EventDate "2012.04.28"]
[EventType "swiss"]
[EventRounds "9"]
[EventCountry "ROU"]
[SourceTitle "EXT 2013"]
[Source "ChessBase"]
[SourceDate "2012.11.22"]
[SourceVersion "1"]
[SourceVersionDate "2012.11.22"]
[SourceQuality "1"]

1. e4 c5 2. Nf3 g6 3. d4 cxd4 4. Nxd4 Nc6 5. c4 Nf6 6. Nc3 d6 7. Be2 Nxd4 8. Qxd4 Bg7 9. Be3 0-0 10. Qd2 Be6 11. 0-0 Qa5 12. Rab1 Rfc8 13. b3 Ng4 14. Nd5 Qxd2 15. Bxd2 Kf8 16. Bxg4 Bxg4 17. Bg5 f6 18. Be3 Be2 19. Rfe1 Bd3 20. Rbd1 Bxe4 21. Nxe7 Kxe7 22. Bf4 f5 23. f3 Be5 24. Bxe5 dxe5 25. fxe4 Rc5 26. exf5 gxf5 27. b4 Rxc4 28. Rxe5+ Kf6 29. Rb5 b6 30. Rf1 f4 31. g4 Kg6 32. Rf5 Rxb4 33. a3 Ra4 34. R1xf4 Rxf4 35. Rxf4 Rd8 36. a4 Rd7 37. h4 a6 38. Kf2 Re7 39. Kf3 Re6 40. Rb4 Kf6 41. Kf4 Rc6 42. g5+ Kg6 43. Kg4 b5 44. axb5 Rb6 45. Ra4 axb5 46. Rb4 Kf7 47. Kf5 h6 48. h5 hxg5 49. Kxg5 Kg7 50. Kf5 1/2-1/2